| 000 | 00507cam a22001451 4500 | ||
|---|---|---|---|
| 082 |
_a355.4 _bMAU |
||
| 100 | 1 |
_aMaurice, Frederick, _949327 |
|
| 245 | 1 | 0 |
_aBritish strategy; _ba study of the application of the principles of war, _cby Major-General Sir F. Maurice with an introduction by Field-Marshal Sir G. Milne. |
| 260 |
_aLondon, _bConstable & co. ltd, _c1935 |
||
| 300 |
_axvi, 243 p. _c23 cm. |
||
| 526 |
_a0 _b0 _c0 _d355_400000000000000_MAU |
||
| 650 | 0 | _aStrategy | |
| 650 | 0 | _aWar. | |
| 942 |
_2ddc _cBK |
||
| 999 |
_c552690 _d552690 |
||